Grandes biografías : (Registro nro. 235)

Detalles MARC
000 -Cabecera
Campo de control interno 00606nam a2200229Ia 4500
005 - Fecha y hora del registro
control field 20251203123020.0
008 - Elementos de Longitud Fija
fixed length control field 251203t1992||||xx |||||||||||||| ||spa||
020 ## - ISBN
ISBN 8477645930
041 ## - Idioma
Codigo Idioma ESP
082 ## - DEWEY y NOTACIÓN INTERNA
Dewey RO 920
Notación Interna O28
110 ## - AUTOR INSTTITUCIONAL
Autor Institucional Océano
245 #0 - TÍTULO DE MATERIAL BIBLIOGRÁFICO
Título Grandes biografías :
Título paralelo Volúmenes 1-4
260 ## - CIUDAD, EDITORIAL, AÑO
Ciudad Barcelona :
Nombre de la Editorial Ediciones Océano,
Año 1992
300 ## - DESCRIPCIÓN
N° Páginas 191 páginas :
Otros detalles ilustraciones, fotografías ;
Dimensiones 26 cm.
Material Adicional
440 ## - MENCIÓN DE SERIE
Título de la Serie
Número de Serie
Volumen de Serie
650 ## - TEMAS
Temas Geografía
653 ## - DESCRIPTORES
Lenguajes no controlado Biografías; Colección
654 ## - PROGRAMAS
Programa Todos los programas
700 ## - OTROS AUTORES
Otros autores Gispert, Carlos,
Títulos y otras palabras asociadas con el nombre director
942 ## - ELEMENTOS DE KOHA
Tipo de documento Libro
Nombre del creador Justo Noguera
Código de catalogador Margarita Torres
Esquema de clasificación Dewey Decimal Classification
Suppress in OPAC
Existencias
Codigo completo Registro Colección Copia número Disponibilidad Tipo de préstamo Biblioteca Actual Procedencia (Biblioteca) Ubicacón Fecha Ingreso Tipo de Adquisición Date last seen Total checkouts Price effective from Tipo de Item Estado del Material Fuente de Clasificación Damaged status Withdrawn status
RO 920 O28 1085108 Colección Vera Bejar 1   Restringido Víctor Andrés Belaunde Víctor Andrés Belaunde Planta baja cerrada 03/12/2025 Donación 03/12/2025   03/12/2025 Libro Bueno Dewey Decimal Classification   Withdrawn